00532 2200205 4500001002100000005001500021035002000036007000300056008004100059020002200100082001100122084001700133100001200150245005100162250001100213260003100224300004700255650000800302990001600310INLIS00000000000044720221103111347 a0010-1122000041ta221103 b 0 ind  a978-602-434-103-9 a372.35 a372.35 SUD e0 aSudibyo1 aErlangga RPAL :bBenda dan Sifatnya /cSudibyo aCet. I aJakarta :bErlangga,c2017 a115 halaman :bilustrasi berwarna ;c21 cm 4aIPA a00000000582